000
00324nam a22001337a 4500
008
170619b xxu||||| |||| 00| 0 eng d
020
_a
0822602601
041
_a
eng
080
_a
328
100
_a
20
101
_a
SHP
245
_a
A TOPICAL DICTIONARY OF AMERICAN GOVERNMENT AND POLITICS
_c
BLEVINS,L.W
942
_2
udc
_c
BK
999
_c
17988
_d
17988